00488nam a2200169Ia 450000500170000000800410001704000190005804100120007708200160008924500770010526000290018230000130021144000280022465000340025270000220028685000100030820230227095605.0131103s9999 xx 000 0 und d aLoreto College aEnglish a821.08bRHY 4aThe Golden treasury of longer poems cselected and edited by Ernest Rhys aLondonbJ. M. Dentc1964 ax,434p.  aLiterature of yesterday aEnglish Poetry - Collections  aRhys, Ernest, ed. aLCLIB